000 00404nam a22001577a 4500
020 _a1-84616-166-5
082 _a823
_bMEA/K
100 _aMEADOWS, DAISY
245 _aKATIE THE KITTEN DIARY
_bTHE PET KEEPER FAIRIES
246 _aKATIE THE KITTEN DIARY
_bTHE PET KEEPER FAIRIES
260 _aLODON
_bORCHARD BOOKS
_c2006
300 _a73
520 _aSHORT STORY
650 _aSHORT STORY
942 _cBK
999 _c3064
_d3064